Score 0/24 Timer 03:00
0 Plays Today
Hint Word % Correct
Hikers bag: ____ PackBACK
95.8%
'80s Fitness fashion: ____ WarmersLEG
94.9%
Nike vendor: ____ LockerFOOT
93.4%
Teen idol: ____ ThrobHEART
93.2%
Forcible assault: Strong ___ robberyARM
92.8%
Attractive one: ____ CandyEYE
92.6%
Hard candy: ____ BreakerJAW
91.8%
Lingual dexterity challenge: ____ TwisterTONGUE
90.8%
iPod adjunct: ____ BudEAR
90.5%
Cleaning effort: ____ GreaseELBOW
88.3%
Reflex: ____ JerkKNEE
86.7%
Timex: ____ WatchWRIST
83.2%
Hint Word % Correct
Clapton moniker: Slow ____HAND
79.9%
Tight pants: ____ HuggersHIP
77.3%
Cork board pin: ____ TackTHUMB
76.6%
Vapid one: Air ____HEAD
75.6%
Not for toast: ____ JamTOE
74.2%
Strapped purse: ____ BagSHOULDER
74%
Kid's digital oath: ____ SwearPINKY
68.7%
Dish soap brand: ____olivePALM
67.2%
Drinker's investment: Beer ____BELLY
62.4%
Chili legume: ____ BeanKIDNEY
61.1%
Pugilist's lunch: ____ SandwichKNUCKLE
59.6%
United States Marine: Leather ____NECK
55.9%

Today's Daily Dose

Remove Ads.
Support Sporcle.
Get the best of Sporcle when you Go Orange. This ad-free experience offers more features, more stats, and more fun while also helping to support Sporcle. Thank you for becoming a member.

You're not logged in!

Compare scores with friends on all Sporcle quizzes.
OR
Log In

Show Comments

Extras

Top Quizzes Today


Score Distribution

Your Account Isn't Verified!

In order to create a playlist on Sporcle, you need to verify the email address you used during registration. Go to your Sporcle Settings to finish the process.

Report this User

Report this user for behavior that violates our Community Guidelines.

Details: